Návrh informačného systému pre knižnice

Salvato in:
Dettagli Bibliografici
Autore principale: Martišek, Michal (Autore)
Altri autori: Kebísek, Michal (Relatore della tesi)
Natura: Manoscritto Libro
Lingua:slovacco
Pubblicazione: 2025
Soggetti:
Accesso online:http://is.stuba.sk/zp/portal_zp.pl?podrobnosti=176724
Tags: Aggiungi Tag
Nessun Tag, puoi essere il primo ad aggiungerne!!

MARC

LEADER 00000ntm a22000003a 4500
001 stuzp102094
003 SK-STU
005 20250628210531.8
007 ta
008 150427s2015----xo-----f-mn---000-0-slo-d
040 |a STU  |b slo 
041 0 |a slo 
100 1 |a Martišek, Michal  |u 066000  |4 aut  |U MTF Materiálovotechnologická fakulta  |T MTF Ústav aplikovanej informatiky, automatizácie a mechatroniky  |X 121813  |U M6000  |Y 86  |7 121813 
242 0 1 |a Proposal of information system for libraries  |y eng 
245 1 0 |a Návrh informačného systému pre knižnice 
260 |c 2025 
650 4 |a Informačný systém  |2 slo 
650 4 |a webová aplikácia  |2 slo 
650 4 |a knižnice  |2 slo 
650 4 |a Information system  |2 eng 
650 4 |a web application  |2 eng 
650 4 |a libraries  |2 eng 
700 1 |a Kebísek, Michal  |u 066000  |k Z1  |4 ths  |U MTF Materiálovotechnologická fakulta  |T MTF Ústav aplikovanej informatiky, automatizácie a mechatroniky  |X 2798  |U M6000  |Y 86  |7 A000002798 
856 4 |u http://is.stuba.sk/zp/portal_zp.pl?podrobnosti=176724 
996 |c M* BP-9978  |l MMSKP  |s P  |a 0  |w stuzp102094_0001